000 00220nam a22000857a 4500
008 160915b xxu||||| |||| 00| 0 eng d
100 _9509
_aGupta.A.D.
245 _aJunior Maths-4
260 _aNew Delhi
_bB.B. publications
_c2011
999 _c3166
_d3166